Qui a jouée au Barça Femenin - Statistiques

Statistiques générales
  • Ce quiz a été pris 30 fois
  • Le résultat moyen est 10 sur 14
Answers on the Grid
Answers color-coded by a green-red scale on the quiz's grid according to % correct below.
Alexia Putellas
Selma Bacha
Fridolina Rolfo
Alex Morgan
Aitana Bonmati
Sydney Schertenleib
Alessia Russo
Melvine Malard
Marta Torrejon
Gemma Font
Ona Batlle
Lucy Bronze
Ella Toone
Kenza Dali
Eva Navarro
Maelle Lakrar
Mapi Leon
Ada Hegerberg
Sakina Karchaoui
Megan Rapinoe
Bruna Vilamala
Esmee Brugts
Kerstin Casparij
Gio Garbelini
Kadidiatou Diani
Eugenie LeSommer
Salma Paraluello
Ewa Pajor
 
Statistiques - réponses
Réponse % Correct
Aitana Bonmati
100%
Alexia Putellas
100%
Mapi Leon
94%
Fridolina Rolfo
89%
Ewa Pajor
83%
Salma Paraluello
83%
Ona Batlle
78%
Lucy Bronze
72%
Marta Torrejon
61%
Esmee Brugts
56%
Sydney Schertenleib
56%
Bruna Vilamala
39%
Gemma Font
39%
Gio Garbelini
11%
Aucun quiz correspondant
Distribution des résultats
% des personnes avec chaque résultat
Percentile par nombre de réponses
Votre historique - résultats
Vous n’avez pas pris ce quiz